LIBRARY & INFORMATION CENTRE, KCAET, TAVANUR

ONLINE PUBLIC ACCESS CATALOGUE (OPAC)

Photographic chemicals and chemistry / (Record no. 7111)

MARC details
000 -LEADER
fixed length control field 00426cam a2200181ua 4500
041 ## - LANGUAGE CODE
Language code of text/sound track or separate title eng
082 ## - DEWEY DECIMAL CLASSIFICATION NUMBER
Classification number 541.351
Item number SOU/PH
100 ## - MAIN ENTRY--AUTHOR NAME
Personal name Southworth, J .
245 ## - TITLE STATEMENT
Title Photographic chemicals and chemistry /
250 ## - EDITION STATEMENT
Edition statement 3 /
300 ## - PHYSICAL DESCRIPTION
Number of Pages 125 ; .
700 1# - ADDED ENTRY--PERSONAL NAME
Personal name Bentley, T L J .
942 ## - ADDED ENTRY ELEMENTS (KOHA)
Koha item type Books
Holdings
Withdrawn status Lost status Damaged status Home library Current library Date acquired Full call number Accession Number Koha item type
      KAUAET KAUAET 07/04/2012 541.351 SOU/PH 6003 Books
free website counter